000 00579nam a2200217 a 4500
001 BRL_987
005 20190320211001.0
008 301013s1959----mx-#######---#000-1#spa-#
041 _aspa
044 _amx
050 4 _aPQ7297
_b.L48 55 1959
100 1 _aAmor, Guadalupe
_925505
245 1 0 _aGalería de títeres
_cpor Guadalupe Amor.
260 _aMéxico
_bFondo de Cultura Económica
_c1959
300 _a112 p.
_c18 cm.
440 0 _aLetras mexicanas
_v55
_925506
500 _aAu1094
650 1 4 _aCuentos mexicanos
_ySiglo XX
_925042
902 _aGRL
942 _2lcc
_cB
999 _c9799
_d9799